[Event "Faogba-ch sf"]
[Site "Ciudadela"]
[Date "2008.08.24"]
[Round "4"]
[White "Mattano, Marcelo"]
[Black "Bianchi, Lucas"]
[Result "0-1"]
[WhiteElo "1941"]
[BlackElo "2056"]
[PlyCount "54"]
[EventDate "2008.08.17"]
[EventType "swiss"]
[EventRounds "9"]
[EventCountry "ARG"]
[SourceTitle "CBM 126 Extra"]
[Source "ChessBase"]
[SourceDate "2008.11.05"]
[SourceVersion "1"]
[SourceVersionDate "2008.11.05"]
[SourceQuality "1"]

1. e4 e5 2. Nf3 f5 3. Nxe5 Qf6 4. d4 d6 5. Nc4 fxe4 6. Ne3 Qg6 7. c4 Nf6 8. Be2 c6 9. Nc3 Be7 10. Qb3 0-0 11. Bd2 Kh8 12. 0-0-0 Nbd7 13. h4 c5 14. Ncd5 Bd8 15. Nxf6 Bxf6 16. dxc5 Nxc5 17. Qa3 Be5 18. h5 Qe8 19. f3 Na4 20. Kb1 Nxb2 21. h6 Nxd1 22. hxg7+ Bxg7 23. Bxd1 Qe5 24. Nd5 Qa1+ 25. Kc2 exf3 26. Nc3 Be5 27. Kb3 fxg2 0-1